| 000 | 00744cam a22001935a 4500 | ||
|---|---|---|---|
| 001 | L156172 | ||
| 008 | 120502s1822 xxk f 000 0 eng d | ||
| 035 | _a(Sirsi) u156172 | ||
| 041 | 0 | _aeng | |
| 100 | 1 |
_aRokewode, John Gage _d1786-1842 |
|
| 245 | 0 | 4 | _aThe history and antiquities of Hengrave, in Suffolk |
| 260 |
_aLondon _aBury St. Edmunds _bJ. Carpenter ; J. Deck _c1822 |
||
| 300 |
_avii, [1], 263 p. _bfront., 1 illus., plates (1 col.) ports., plans, geneal. tables (part double) _c41 cm. |
||
| 520 | _aThe frontispiece, portraits, plans, and part of the plates are mounted India proofs | ||
| 583 | 0 |
_aCondition reviewed _c20120620 _lcondition level 3, loose endpaper |
|
| 651 | 4 |
_aEngland _y886- |
|
| 690 |
_aRural _96268 |
||
| 942 | _n0 | ||
| 999 |
_c114075 _d114075 |
||